American Capital "Hangman" - Randomized - Statistics

General Stats
  • This quiz has been taken 2,282 times
  • The average score is 7 of 10
Answer Stats
Letter % Correct
A
97%
A
97%
A
97%
A
96%
A
95%
A
95%
A
95%
E
92%
E
88%
E
88%
E
87%
O
87%
O
87%
O
86%
E
84%
E
84%
I
82%
I
82%
I
82%
I
81%
I
80%
O
80%
O
80%
O
79%
E
78%
E
78%
E
78%
N
76%
S
75%
S
75%
T
75%
T
75%
N
74%
M
71%
N
71%
T
71%
M
69%
R
69%
T
69%
C
68%
T
68%
I
67%
P
64%
R
63%
N
62%
R
62%
R
62%
T
62%
R
61%
R
61%
Y
61%
D
59%
M
59%
O
58%
M
56%
V
56%
W
56%
P
55%
B
54%
B
53%
W
52%
B
49%
G
49%
D
48%
C
46%
C
46%
G
46%
G
46%
Y
45%
X
43%
No matching quizzes found
Score Distribution
Percent of People with Each Score
Percentile by Number Answered
Your Score History
You have not taken this quiz